Normal view MARC view

Entry Nombre geográfico

Number of records used in: 23

001 - NÚMERO DE CONTROL

  • campo de control: 8096

003 - IDENTIFICADOR DE NÚMERO DE CONTROL

  • campo de control: OSt

005 - FECHA Y HORA DE LA ÚLTIMA TRANSACCIÓN

  • campo de control: 20230222191757.0

008 - ELEMENTOS DE DATO DE LONGITUD-FIJA

  • campo de control de longitud fija: 041103 n acnnnaaan n ann d

040 ## - FUENTE DE CATALOGACIÓN

  • Centro catalogador/agencia de origen: OSt
  • Centro/agencia transcriptor: OSt

151 ## - ENCABEZAMIENTO--NOMBRE GEOGRÁFICO

  • Nombre geográfico: Cuba-
  • Subdivisión general: Historia-
  • Subdivisión cronológica: 1895-1898, Guerra de la Independencia

450 #4 - TRAZADO DE VÉASE--TÉRMINO DE MATERIA

  • Término de materia o nombre geográfico como elemento de entrada: Guerra de Cuba, 1895

451 ## - TRAZADO DE VÉASE--NOMBRE GEOGRÁFICO

  • Nombre geográfico: Cuba-
  • Subdivisión general: Historia-
  • Subdivisión cronológica: 1895-1898